000 00528nam a2200181 a 4500
005 20210219152956.0
008 991125n 000 0 u
035 _aUPN01000070212
222 _aEDUCACION :
_bREVISTA DEL CONSEJO NACIONAL TECNICO DE LA EDUCACION
245 _aCronología de la acción oficial indigenista
300 _a55-61
362 _a1982 4ê época, vol. 8, no. 39 ene.-mar.
653 0 _aEDUCACION INDIGENA
653 0 _aINDIGENAS
653 0 _aMEXICO
904 _aAC
_b008023
905 _aArticulo
999 _c65285
_d65285